Network simulation experiments manual (Record no. 173821)

MARC details
000 -LEADER
fixed length control field 00420nam a2200157Ia 4500
008 - FIXED-LENGTH DATA ELEMENTS--GENERAL INFORMATION
fixed length control field 231217s9999 xx 000 0 und d
041 ## - LANGUAGE CODE
Language code of text/sound track or separate title English
082 ## - DEWEY DECIMAL CLASSIFICATION NUMBER
Classification number 001.64404 ABO;1 R
100 ## - MAIN ENTRY--PERSONAL NAME
Personal name Aboelela, Emad
245 #0 - TITLE STATEMENT
Title Network simulation experiments manual
250 ## - EDITION STATEMENT
Edition statement 3rd ed.
260 ## - PUBLICATION, DISTRIBUTION, ETC.
Date of publication, distribution, etc. 2003
Name of publisher, distributor, etc. Morgan Kaufmann,
Place of publication, distribution, etc. Amsterdam
300 ## - PHYSICAL DESCRIPTION
Extent viii+176
650 ## - SUBJECT ADDED ENTRY--TOPICAL TERM
Topical term or geographic name entry element Network,simulation,experiments
942 ## - ADDED ENTRY ELEMENTS (KOHA)
Koha item type Books
Holdings
Date last seen Total checkouts Full call number Accession number Cost, total (INR) price Price effective from Category Lost status Damaged status Department Withdrawn status Home library Current library Shelving location Entry date Vendor Cost, normal purchase price Grants Billnumber Billdate Currency symbol Conversion rate Discount Old discount
26/01/2024   001.64404 ABO;1 R 31734 192.00 26/01/2024 Books     Central Library   Central Library Central Library Central Library 21/01/2005 Sai Books 240.00 CS 181 03/09/2007 RS 1 48 20
26/01/2024   001.64404 ABO;2 R1 31735 192.00 26/01/2024 Books     Central Library   Central Library Central Library Central Library 21/01/2005 Sai Books 240.00 CS 181 03/09/2007 RS 1 48 20
26/01/2024   001.64404 ABO;3 31736 192.00 26/01/2024 Books     Central Library   Central Library Central Library Central Library 21/01/2005 Sai Books 240.00 CS 181 13/08/2007 RS 1 48 20

© For any Suggestions or Query, please contact the library staff @ librarian@pes.edu or Phone: +9180 2672 1983/ 2108.